Catálogo

RETOS DE LAS RELACIONES ENTRE MEXICO Y ESTADOS UNIDOS : (Registro nro. 57955)

Detalles MARC
000 -LEADER
fixed length control field 01315nam a2200217 a 4500
001 - CONTROL NUMBER
control field 57955
005 - DATE AND TIME OF LATEST TRANSACTION
control field 20180714054349.0
008 - FIXED-LENGTH DATA ELEMENTS--GENERAL INFORMATION
fixed length control field 140415s1989 mx 000 0 spa d
020 ## - INTERNATIONAL STANDARD BOOK NUMBER
International Standard Book Number 96816332611
041 ## - LANGUAGE CODE
Language code of text/sound track or separate title spa
082 ## - DEWEY DECIMAL CLASSIFICATION NUMBER
Classification number 325.73
Item number BUS
245 00 - TITLE STATEMENT
Title RETOS DE LAS RELACIONES ENTRE MEXICO Y ESTADOS UNIDOS :
Remainder of title FLUJOS MIGRATORIOS MEXICANOS HACIA ESTADOS UNIDOS
250 ## - EDITION STATEMENT
Edition statement 1a ed.
260 ## - PUBLICATION, DISTRIBUTION, ETC.
Place of publication, distribution, etc. MEXICO :
Name of publisher, distributor, etc. FONDO DE CULTURA ECONOMICA,
Date of publication, distribution, etc. 1989
300 ## - PHYSICAL DESCRIPTION
Extent 100
Dimensions 15.4 x 1.1 x 22.9
490 ## - SERIES STATEMENT
Series statement COLECCION CLAVES FONDO DE CULTURA ECONOMICA
500 ## - GENERAL NOTE
General note BUSTAMANTE, JORGE A. Y CORNELIUS, WAYNE A., SON COORDINADORE
520 ## - SUMMARY, ETC.
Summary, etc. ESTE VOLUMEN REUNE UN CONJUNTO SELECCIONADO DE TRABAJOS DE APOYO ESCRITOS ORIGINALMENTE PARA LA COMISION SOBRE EL FUTURO DE LAS RELACIONES MEXICO-ESTADOS UNIDOS. PARA COMPRENDER EL ANCANCE DE DICHA RELACION, LA COMISION FUE CONSTITUIDA EN 1986 COMO UN GRUPO INDEPENDIENTE DE DESTACADOS CIUDADANOS COMPROMETIDOS CON LA BUSQUEDA DE VIAS PARA MEJORAR LAS RELACIONES ENTRE LOS DOS PAISES. DE ESTA MANERA , SE ACORDO PRODUCIR UN INFORME , A LA MANERA DE UN LIBRO, QUE DEBERIA PONERSE A LA CON
650 14 - SUBJECT ADDED ENTRY--TOPICAL TERM
Topical term or geographic name entry element RELACIONES INTERNACIONALES
General subdivision MEXICO
-- ESTADOS UNIDOS DE AMERI
-- MIGRACION
-- MEXICO
-- ESTADOS UNIDOS
700 1# - ADDED ENTRY--PERSONAL NAME
Personal name BUSTAMANTE, JORGE A. -CORNELIUS, WAYNE A.
Relator term coaut.
Existencias
Withdrawn status Lost status Source of classification or shelving scheme Damaged status Not for loan Collection code Home library Current library Shelving location Date acquired Source of acquisition Inventory number Total Checkouts Full call number Barcode Date last seen Date last checked out Price effective from Koha item type
    Dewey Decimal Classification     General Biblioteca Karol Wojtyla Biblioteca Karol Wojtyla Sala general 03/12/2013 Compra 151000000000000000055048 1 325.73 BUS 87449 05/01/2026 30/11/2019 03/12/2013 Libro